000 00633nam a2200205Ia 4500
999 _c43587
_d43587
003 GCL
005 20240530103934.0
008 140319s9999 xx 000 0 ara d
020 _a6088314977
040 _aGCL /
_cGCL
082 0 4 _a219.5
_bم هـ
100 1 _aمحمد الغزالى
245 1 0 _aهموم داعية /
_cمحمد الغزالى
260 _aالقاهرة :
_bنهضة مصر للطباعة والنشر والتوزيع ،
_c1996
300 _a135 ص ؛
_c24 سم
490 _aمحمد الغزالى
_v1
650 0 4 _aالاسلام
650 0 4 _aالاخلاق الاسلامية
942 _2ddc
_cBK